| 000 | 01025nam0a22002531 4500 | ||
|---|---|---|---|
| 001 | rc\4902341 | ||
| 005 | 20260407004957.0 | ||
| 021 |
_aRU _bРг4902-66 |
||
| 021 |
_aRU _b66-44334 |
||
| 035 | _a(NLR Aleph) 008834317 | ||
| 090 |
_a8302440 _c8302441 |
||
| 100 | _a20130426d1966 |||y0rusy50 ca | ||
| 101 | 0 | _arus | |
| 102 | _aRU | ||
| 105 | _ay z ||||| | ||
| 200 | 1 |
_aМатериалы о работе ДСО "Урожай" РСФСР от III до IV Всероссийской конференции общества. (1-2 июня 1966 г.) _eДелегатам IV Всерос. конференции О-ва _eДля обсуждения _fЦентр. совет... |
|
| 210 |
_aМосква _cБ. и. _d[1966] |
||
| 215 |
_a19 с. _d21 |
||
| 710 | 0 | 2 |
_a"Урожай", сельское спортивное общество РСФСР _bЦентральный совет _3RU\NLR\AUTH\889995912 _9488840 |
| 801 | 0 |
_aRU _bNLR _gpsbo |
|
| 801 | 1 |
_aRU _bELAR _2rusmarc |
|
| 852 |
_aNLR _j66-4/11413 |
||
| 942 | _cBOOK | ||
| 980 | _aNB | ||